000 00263nam a2200097Ia 4500
001 1213062
005 20250827024506.0
008 250824s9999 xx 000 0 und d
245 0 _aFELAKET HENRY VE BETER BAKICI
_cFRANCESCA SIMON
260 _bİLETİŞİM YAYINLARI
999 _c1213062
_d1213062